000 00654nam a2200265Ia 4500
001 5569
005 20240113233838.0
007 ta
008 050621s1969 a g b000 u hin u
020 _cPB
040 _aCotton College Assam
041 _ahin
082 _a891.433
_bD 491 Me
100 _aDevaraj, .
245 0 _aMein, Ve aru Aap /
_cDevaraj.
_hTextual Documents
250 _a1st ed. /
260 _aDelhi :
_bRajkamal prakashan ,
_c1969.
300 _a174p. :
_bill. ;
_c18cm .
653 _aHindi novel
653 _aHindi fiction
653 _aGen-Hindi
942 _2ddc
_cBK
999 _c5556
_d5556